000 00788pam a2200253 a 4500
999 _c48107
_d48107
001 4205456
003 Nust
005 20170109150516.0
008 810310s1981 nyu b 001 0 eng
010 _a 81004723
020 _a0873954904
020 _a0873954912 (pbk.)
040 _aDLC
_cDLC
_dDLC
050 0 0 _aBP25
_b.N27 1981
082 0 0 _a297.1
_bNAS
100 1 _aNasr, Seyyed Hossein.
245 1 0 _aIslamic life and thought /
_cby Seyyed Hossein Nasr.
260 _aAlbany :
_bState University of New York Press,
_c1981.
300 _a232 p. ;
_c23 cm.
504 _aIncludes bibliographical references and index.
650 0 _aIslam.
906 _a7
_bcbc
_corignew
_d1
_eocip
_f19
_gy-gencatlg
942 _2ddc
_cBK